000 00274nam a22001217a 4500
008 170620b xxu||||| |||| 00| 0 eng d
041 _aeng
080 _a32
100 _a20
101 _aSHP
245 _aFOREIGN POLICY DEMOCRATIC POLITICS
_cWALTZ.K.N
942 _2udc
_cBK
999 _c18312
_d18312